Normal view
MARC view
- Olinick, Michael Pence, Dennis
Entry Corporate Name
001 - CONTROL NUMBER
- control field: 83883
003 - CONTROL NUMBER IDENTIFIER
- control field: NUST
005 - DATE AND TIME OF LATEST TRANSACTION
- control field: 20211111113659.0
008 - FIXED-LENGTH DATA ELEMENTS
- fixed length control field: 211111|| aca||aabn | a|a d
040 ## - CATALOGING SOURCE
- Original cataloging agency: NUST
- Transcribing agency: NUST
110 ## - HEADING--CORPORATE NAME
- Corporate name or jurisdiction name as entry element: Olinick, Michael Pence, Dennis
670 ## - SOURCE DATA FOUND
- Source citation: Work cat.: (NUST): Swokowski, Earl W 68098, Calculus, 1994.
